Základy jednotného účtovníctva

Uložené v:
Podrobná bibliografia
Hlavný autor: Partyk, Bohuslav
Médium: Kniha
Jazyk:Slovak
Vydavateľské údaje: Bratislava Práca 1950
Tagy: Pridať tag
Žiadne tagy, Buďte prvý, kto otaguje tento záznam!

MARC

LEADER 00000nam$a2200000$$$4500
001 0064724
005 20230220093034.0
041 0 |a slo 
044 |a SK 
245 1 0 |a Základy jednotného účtovníctva  |c Bohuslav Partyk 
264 1 |a Bratislava  |b Práca  |c 1950 
300 |a 203 s. 
100 1 |a Partyk, Bohuslav